| 000 | 01111cam a22002892 4500 | ||
|---|---|---|---|
| 001 | 0000020929 | ||
| 005 | 20151217152225.0 | ||
| 008 | 111116s xx 000 0 eng d | ||
| 020 | _a1840646691 : | ||
| 040 |
_aKABU _cKABU |
||
| 100 | 1 |
_aElkin-Koren, Niva. _@0000181612 |
|
| 245 | 1 | 0 |
_aLaw, economics and cyberspace : _bthe effects of cyberspace on the economic analysis of law / _cNiva Elkin-Koren, Eli M. Salzberger. |
| 250 | _a1st ed. | ||
| 260 |
_aChelten, UK : _bEdward Elgar, _c2004. |
||
| 300 | _ax, 185 p. | ||
| 650 | 0 |
_aOnline information services _xLaw and legislation. _@0000181613 |
|
| 650 | 0 |
_aCyberspace. _@0000181614 |
|
| 650 | 0 |
_aInternet. _@0000000969 |
|
| 700 | 1 |
_aSalzberger, Eli M. _@0000181615 |
|
| 852 | 1 | _9p10075 KES | |
| 852 | 1 | _9p10075 KES | |
| 852 | 1 | _9p10075 KES | |
| 852 | 1 | _9p10075 KES | |
| 852 | 1 | _9p10075 KES | |
| 908 | _a111116 | ||
| 950 | _@1 | ||
| 999 |
_c9549 _d9549 |
||